LEADER 01234oam 2200301z- 450 001 9910271025703321 005 20230906203136.0 035 $a(OCoLC)751970377 035 $a(CKB)3280000000033638 035 $a(BIP)034116756 035 $a(EXLCZ)993280000000033638 100 $a20230124c2011uuuu -u- - 101 0 $aeng 200 10$aForensic Case Formulation 210 $cJohn Wiley & Sons, Inc 215 $a1 online resource (336 p.) $cill 311 $a0-470-68395-3 330 8 $aForensic Case Formulation is the first text that describes the principles and application of case formulation specifically to forensic clinical practice. Addresses risk assessment and its implications for case formulation and treatment Covers a range of serious forensic problems such as violence, sexual offending, personality disorder, and substance misuse Offers guidance in training clinicians on ways to create useful formulations 610 $aCriminal Psychology 610 $aCriminals 610 $aPsychology 610 $aSocial Science 702 $aSturmey$b Peter$4edt 702 $aMcMurran$b Mary$4edt 906 $aBOOK 912 $a9910271025703321 996 $aForensic case formulation$9835722 997 $aUNINA